BTD6 Camo T5s - Statistics

General Stats
  • This quiz has been taken 293 times
  • The average score is 8 of 34
Answers on the Grid
Answers color-coded by a green-red scale on the quiz's grid according to % correct below.
Ultra Juggernaut
Plasma Monkey Fan Club
Crossbow Master
Glaive Lord
Perma Charge
MOAB Domination
Bloon Crush
MOAB Eliminator
Bomb Blitz
Inferno Ring
Super Maelstrom
The Tack Zone
Super Brittle
Absolute Zero
Icicle Impale
The Bloon Solver
Glue Storm
Super Glue
The Blazing Sun
Golden Justice
The Desert Phantom
Cripple MOAB
Elite Sniper
Elite Defender
Energizer
Pre-emptive Strike
Sub Commander
Carrier Flagship
Pirate Lord
Trade Empire
Sky Shredder
Tsar Bomba
Flying Fortress
Apache Prime
Special Poperations
Commanche Commander
The Biggest One
Pop and Awe
Blooncineration
Ray of Doom
M.A.D
Bloon Exclusion Zone
Archmage
Wizard Lord Phoenix
Prince of Darkness
True Sun God
The Anti-Bloon
Legend of the Night
Grandmaster Ninja
Grand Saboteur
Master Bomber
Permanent Brew
Total Transformation
Bloon Master Alchemist
Superstorm
Spirit of the Forest
Avatar of Wrath
Lord of the Abyss
Popseidon
The Final Harmonic
Super Mines
Carpet of Spikes
Perma-Spike
Primary Expertise
Sentry Champion
Ultraboost
XXXL Trap
Megalodon
Giganotosaurus
Pouākai
 
Answer Stats
Answer % Correct
Crossbow Master
98%
Spinning glaives Glaive Lord
49%
Bionic Augmentation knowledge Perma Charge
46%
Super Brittle
41%
Elite Sniper
36%
Energizer
29%
Tsar Bomba
29%
Carpet of Spikes
27%
Golden Justice
27%
M.A.D
27%
Super Mines
27%
Blooncineration
25%
Passive ability Bomb Blitz
25%
Legend of the Night
25%
Perma-Spike
25%
Prince of Darkness
25%
Trade Empire
25%
Active Ability Glue Storm
22%
Master Bomber
22%
Special Poperations
20%
The Final Harmonic
20%
Active ability Absolute Zero
19%
Grandmaster Ninja
19%
Grand Saboteur
17%
Pouākai
17%
Track thorns Spirit of the Forest
15%
Archmage
14%
Primary Expertise
14%
Foam Ultraboost
14%
Active ability Pre-emptive Strike
10%
Superstorm
7%
Active Ability Pop and Awe
5%
Active Ability The Anti-Bloon
5%
Active ability Popseidon
2%
No matching quizzes found
Score Distribution
Percent of People with Each Score
Percentile by Number Answered
Your Score History
You have not taken this quiz